00523nam a2200193 a 4500001001300000003000900013005001700022008004100039020001100080082001700091100002300108245003300131260004000164300000900204500003500213505003400248650002400282700002300306nice12345678IN_TiNIC20260116011342.0050524s0000 dela grp 000 0 urd  ac2.2500a297.23bILA1 aIlahi, Mohd Aashiq aRasul Allah Ki Peshan Goiyan aDelhibIdara Tableegh-E-Islamc0000 a144p aincludes index and biblioraphy2 ascn book club study project.3 aEschatology-Islamic1 aIlahi, Mohd Aashiq